Misterio del hombre de las cavernas / (Registro nro. 11713)

Detalles MARC
000 -LIDER
fixed length control field 01184nam a22003257a 4500
001 - NÚMERO DE CONTROL
Identificador de número de control 000614
003 - IDENTIFICACDOR DE NÚMERO DE CONTROL
control field DO-SdBNP
005 - DATE AND TIME OF LATEST TRANSACTION
control field 20180131150418.0
007 - CAMPOS FIJOS DE DESCRIPCIÓN FÍSICA
fixed length control field 000614
008 - ELEMENTOS DE LONGITUD FIJA
fixed length control field 161027b 1991 sp a ||||| |||| 00| 0 spa d
020 ## - ISBN
International Standard Book Number 8427249349
040 ## - FUENTE DE CATALOGACIÓN
Agencia que crea de manera original el registro BPMSU
Idioma de catalogación spa
Agencia que realiza la transcripción BPMSU
041 17 - CÓDIGOS DE OBRAS TRADUCIDAS O EN VARIOS IDIOMAS
Código del idioma del texto/archivo de sonido o separata spa
Cód. del idioma original y/o traducciones intermedias del texto eng
082 ## - NÚMERO DE CLASIFICACIÓN DECIMAL DE DEWEY
Classification number xxxx
Item number xxxx
100 1# - ASIENTO PRINCIPAL -- NOMBRE PERSONAL
Nombre personal Carey, M. V.
240 10 - TITULO UNIFORME
Título uniforme The mystery of the wandering cave man.
Idioma de una obra Español
245 10 - MENCIÓN DE TITULO
Título Misterio del hombre de las cavernas /
Mención de responsabilidad por M.V. Carey, basado en los personajes creados por Robert Arthur ; traducción de C. Peraire del Molino ; ilustraciones de R. Escolano.
260 ## - PUBLICACIÓN, DISTRIBUCIÓN, ETC. (PIE DE IMPRENTA)
Lugar de publicación, distribución, etc Barcelona :
Nombre del editor, distribuidor, etc. Molino,
Fecha de publicación, distribución, etc 1991.
300 ## - DESCRIPCIÓN FÍSICA
Extensión 176 p. :
Otros detalles físicos il. ;
Dimensiones 21 cm.
490 1# - MENCIÓN DE SERIES
Mención de serie Alfred Hitchcock y los tres investigadores
Volume/sequential designation 34
500 ## - NOTA GENERAL
Nota general Traducción de: The mystery of the wandering cave man
650 ## - ENCABEZAMIENTO DE MATERIA--TEMÁTICO
Término temático o nombre geográfico como elemento de entrada Cuentos infantiles estadounidenses.
700 1# - ASIENTO SECUNDARIO -- NOMBRE PERSONAL
Nombre personal Arthur, Robert
700 1# - ASIENTO SECUNDARIO -- NOMBRE PERSONAL
Nombre personal Peraire del Molino, Conchita,
Mención de responsabilidad tr.
700 12 - ASIENTO SECUNDARIO -- NOMBRE PERSONAL
Nombre personal Escolano, Ramón,
Mención de responsabilidad il.
830 #0 - ASIENTO SECUNDARIO DE SERIE--TÍTULO UNIFORME
Título uniforme Alfred Hitchcock y los tres investigadores ;
Volume number/sequential designation 34
942 ## - ADDED ENTRY ELEMENTS (KOHA)
Source of classification or shelving scheme Dewey Decimal Classification
Koha item type Libros
945 ## - INFORMACIÓN DE PROCESAMIENTO LOCAL
Información de procesamiento local Inventariado, 2018/ YL
956 ## - LOCAL ELECTRONIC LOCATION AND ACCESS (OCLC)
Método de acceso LOPEREZ
Materiales especificados 10
Enlace 20161028
Campo enlazado y núm. de secuencia BPMSU
Nombre de host 00041
Existencias
Withdrawn status Lost status Source of classification or shelving scheme Damaged status Not for loan Collection code Home library Current library Date acquired Source of acquisition Total Checkouts Full call number Barcode Date last seen Price effective from Koha item type
    Dewey Decimal Classification     Colección Juvenil General Biblioteca Pública Metropolitana Salomé Ureña Biblioteca Pública Metropolitana Salomé Ureña 10/28/2016 Donación   xxxx xxxx BPMSU16100419 10/28/2016 10/28/2016 Libros